[Event "Nuremberg Zabo op 23rd"]
[Site "Nuremberg"]
[Date "2023.09.17"]
[Round "5"]
[White "Isbilir, Levin"]
[Black "Stock, Joerg"]
[Result "1-0"]
[WhiteElo "1930"]
[BlackElo "2084"]
[PlyCount "55"]
[EventDate "2023.09.15"]
[EventType "swiss"]
[EventRounds "5"]
[EventCountry "GER"]
[SourceTitle "EXT 2024"]
[Source "ChessBase"]
[SourceDate "2023.10.10"]
[SourceVersion "1"]
[SourceVersionDate "2023.10.10"]
[SourceQuality "1"]

1. e4 c6 2. d4 d5 3. Nc3 dxe4 4. Nxe4 Bf5 5. Ng3 Bg6 6. h4 h6 7. Nf3 Nd7 8. h5 Bh7 9. Bd3 Bxd3 10. Qxd3 e6 11. Bd2 Ngf6 12. 0-0-0 Be7 13. Kb1 Qb6 14. c4 Rd8 15. Qc2 0-0 16. Bf4 c5 17. d5 Bd6 18. dxe6 Bxf4 19. e7 Bxg3 20. fxg3 Rc8 21. exf8Q+ Nxf8 22. Qf5 Ne6 23. g4 Re8 24. Rhe1 Rf8 25. g5 hxg5 26. h6 g4 27. Ne5 Rd8 28. h7+ 1-0

[Event "Nuremberg Zabo op 23rd"]
[Site "Nuremberg"]
[Date "2023.09.15"]
[Round "1"]
[White "Isbilir, Levin"]
[Black "Yelisieiev, Yevhenii"]
[Result "0-1"]
[WhiteElo "1930"]
[BlackElo "2411"]
[PlyCount "80"]
[EventDate "2023.09.15"]
[EventType "swiss"]
[EventRounds "5"]
[EventCountry "GER"]
[SourceTitle "EXT 2024"]
[Source "ChessBase"]
[SourceDate "2023.10.10"]
[SourceVersion "1"]
[SourceVersionDate "2023.10.10"]
[SourceQuality "1"]

1. e4 c5 2. Nf3 e6 3. d4 cxd4 4. Nxd4 a6 5. c4 Nf6 6. Nc3 Qc7 7. a3 d6 8. Be3 Nbd7 9. Be2 b6 10. 0-0 Bb7 11. f3 Be7 12. Rc1 Rc8 13. Qd2 0-0 14. Rc2 Qb8 15. b4 Rfe8 16. Rb1 h5 17. Na4 Qa8 18. Nb3 Rc6 19. Nd4 Rc7 20. Nb3 d5 21. exd5 exd5 22. Nxb6 Nxb6 23. Bxb6 Rc6 24. c5 Nd7 25. Nd4 Rg6 26. Bc7 Bf6 27. Bf4 Ne5 28. Bd3 Nc4 29. Rxc4 dxc4 30. Bxg6 fxg6 31. Rd1 Kh7 32. Bg5 Be5 33. Bf4 Bf6 34. Bg5 c3 35. Qc1 c2 36. Nxc2 Bxf3 37. gxf3 Qxf3 38. Bxf6 Re2 39. Qg5 Qf2+ 40. Kh1 Qxh2# 0-1

[Event "GER-chT U14"]
[Site "Willingen"]
[Date "2022.08.14"]
[Round "4.6"]
[White "Reus, Nicholas"]
[Black "Isbilir, Levin"]
[Result "1/2-1/2"]
[WhiteElo "1663"]
[BlackElo "1629"]
[PlyCount "89"]
[EventDate "2022.08.13"]
[EventType "team-swiss"]
[EventRounds "7"]
[EventCountry "GER"]
[SourceTitle "EXT 2023"]
[Source "ChessBase"]
[SourceDate "2022.10.05"]
[SourceVersion "1"]
[SourceVersionDate "2022.10.05"]
[SourceQuality "1"]
[WhiteTeam "Stuttgart SF"]
[BlackTeam "Erlangen"]
[WhiteTeamCountry "GER"]
[BlackTeamCountry "GER"]

1. c4 e5 2. Nc3 Nc6 3. e3 f5 4. d4 Nf6 5. d5 Ne7 6. Nf3 d6 7. g3 g6 8. Bg2 Bg7 9. 0-0 0-0 10. Re1 h6 11. h4 Bd7 12. Qd2 Nh5 13. Ne2 Qc8 14. Kh2 Kh7 15. Nfg1 Ng8 16. Nh3 Ngf6 17. f4 Ng4+ 18. Kg1 e4 19. Rb1 b5 20. b3 bxc4 21. bxc4 Qa6 22. Rb4 Rfb8 23. a3 Rb6 24. Nf2 Nxf2 25. Kxf2 Nf6 26. Bh3 Rab8 27. Rxb6 Rxb6 28. Qa2 Ba4 29. Nd4 Bb3 30. Nxb3 Qxc4 31. Rd1 Qxb3 32. Qxb3 Rxb3 33. Bf1 Ng4+ 34. Ke2 Bb2 35. Bxb2 Rxb2+ 36. Rd2 Rxd2+ 37. Kxd2 Nf6 38. Bc4 Kg7 39. a4 a5 40. Ke2 Kf7 41. Ke1 Ke7 42. Ke2 Kd8 43. Ke1 Kc8 44. Kd2 Ng4 45. Ba6+ 1/2-1/2

[Event "Mittelfranken Landesliga Nord 2122"]
[Site "Mittelfranken"]
[Date "2022.05.29"]
[Round "9.6"]
[White "Isbilir, Levin"]
[Black "Vogiatzis, Dimitrios"]
[Result "1/2-1/2"]
[WhiteElo "1843"]
[BlackElo "1952"]
[PlyCount "90"]
[EventDate "2021.10.24"]
[EventType "team-tourn"]
[EventRounds "9"]
[EventCountry "GER"]
[SourceTitle "EXT 2024"]
[Source "ChessBase"]
[SourceDate "2023.10.10"]
[SourceVersion "1"]
[SourceVersionDate "2023.10.10"]
[SourceQuality "1"]
[WhiteTeam "Erlangen II"]
[BlackTeam "Nuernberg NT II"]
[WhiteTeamCountry "GER"]
[BlackTeamCountry "GER"]

1. e4 e5 2. Nf3 d5 3. exd5 Bd6 4. Nc3 Nf6 5. d3 h6 6. Be2 0-0 7. 0-0 Re8 8. Be3 Nbd7 9. Nd2 Nb6 10. Bxb6 axb6 11. Nde4 Bf8 12. Nxf6+ Qxf6 13. Bg4 Qh4 14. Bxc8 Raxc8 15. Qd2 Qb4 16. a3 Qh4 17. Rae1 f5 18. Re2 Bd6 19. Rfe1 c6 20. dxc6 bxc6 21. g3 Qh5 22. d4 e4 23. d5 c5 24. Nb5 Rcd8 25. Nxd6 Rxd6 26. c4 Ra8 27. Qf4 Qg6 28. f3 exf3 29. Qxf3 Rf8 30. Re6 Rf6 31. Re8+ Kh7 32. Qf4 b5 33. cxb5 Rxd5 34. Qb8 Qf7 35. R8e7 Qf8 36. Qb7 Rd2 37. Rxg7+ Qxg7 38. Re7 Qxe7 39. Qxe7+ Kg6 40. Qe8+ Kg7 41. Qe7+ Kg6 42. Qe8+ Kg7 43. Qe5 Kg6 44. Qe8+ Kg7 45. Qe7+ Kg6 1/2-1/2

[Event "GER-ch U12"]
[Site "Willingen"]
[Date "2020.10.28"]
[Round "3"]
[White "Guo, Jacob Tingshen"]
[Black "Isbilir, Levin"]
[Result "1/2-1/2"]
[WhiteElo "1551"]
[BlackElo "1233"]
[PlyCount "66"]
[EventDate "2020.10.26"]
[EventType "swiss"]
[EventRounds "7"]
[EventCountry "GER"]
[SourceTitle "CBM 199 Extra"]
[Source "ChessBase"]
[SourceDate "2021.01.31"]
[SourceVersion "1"]
[SourceVersionDate "2021.01.31"]
[SourceQuality "1"]

1. d4 d5 2. c4 e6 3. Nc3 Nf6 4. Nf3 Be7 5. Bf4 Nbd7 6. cxd5 exd5 7. h3 c6 8. e3 Ne4 9. Nxe4 dxe4 10. Nd2 Nf6 11. Bc4 0-0 12. Qc2 Re8 13. 0-0 Bb4 14. Bg5 Bxd2 15. Qxd2 Be6 16. Bxe6 Rxe6 17. Rad1 Qd5 18. Bxf6 Rxf6 19. b3 Rg6 20. Qe2 Re8 21. Rc1 Ree6 22. f4 exf3 23. Qxf3 Qd7 24. d5 Ref6 25. dxc6 Rxc6 26. Rxc6 Rxc6 27. Rd1 Qe7 28. Qf4 h6 29. Rd2 a6 30. Qd4 Kh7 31. Qd3+ g6 32. Qd4 Rc1+ 33. Kf2 Rc6 1/2-1/2

[Event "GER-chT U12"]
[Site "Magdeburg"]
[Date "2019.12.29"]
[Round "6.10"]
[White "Hoffmann, Kay"]
[Black "Isbilir, Levin"]
[Result "1-0"]
[WhiteElo "1621"]
[BlackElo "1175"]
[PlyCount "73"]
[EventDate "2019.12.27"]
[EventType "team-swiss"]
[EventRounds "7"]
[EventCountry "GER"]
[SourceTitle "CBM 194 Extra"]
[Source "ChessBase"]
[SourceDate "2020.03.31"]
[SourceVersion "1"]
[SourceVersionDate "2020.03.31"]
[SourceQuality "1"]
[WhiteTeam "Barnim"]
[BlackTeam "Erlangen"]
[WhiteTeamCountry "GER"]
[BlackTeamCountry "GER"]

1. e4 c5 2. Nc3 d6 3. g3 g6 4. Bg2 Bg7 5. Nge2 Nc6 6. 0-0 Nf6 7. d3 0-0 8. h3 Bd7 9. Be3 Qa5 10. Qd2 b5 11. Bh6 e6 12. Bxg7 Kxg7 13. f4 d5 14. f5 d4 15. Nb1 Qxd2 16. Nxd2 e5 17. Nc1 Nb4 18. Ncb3 Nxc2 19. Rac1 Ne3 20. Rfe1 Nh5 21. Nxc5 Be8 22. fxg6 hxg6 23. Kh2 Rh8 24. Nf3 f6 25. Ne6+ Kg8 26. Nh4 Bf7 27. Nc7 Rb8 28. Rc6 Nf4 29. gxf4 Rxh4 30. fxe5 fxe5 31. Ra6 Rb7 32. Rc1 Rf4 33. Kg1 Nc4 34. Nd5 Bxd5 35. exd5 Nxb2 36. d6 Rd7 37. Rc7 1-0

[Event "GER-chT U10"]
[Site "Magdeburg"]
[Date "2016.12.29"]
[Round "7.4"]
[White "Isbilir, Levin"]
[Black "Beyer, Lorenz"]
[Result "0-1"]
[WhiteElo "931"]
[BlackElo "993"]
[PlyCount "152"]
[EventDate "2016.12.27"]
[EventType "team-swiss"]
[EventRounds "7"]
[EventCountry "GER"]
[SourceTitle "EXT 2018"]
[Source "ChessBase"]
[SourceDate "2017.10.13"]
[SourceVersion "1"]
[SourceVersionDate "2017.10.13"]
[SourceQuality "1"]
[WhiteTeam "Erlangen"]
[BlackTeam "Berlin Eintracht"]
[WhiteTeamCountry "GER"]
[BlackTeamCountry "GER"]

1. e4 e5 2. Nf3 Nc6 3. Bc4 Bc5 4. Nc3 d6 5. h3 Nf6 6. d3 h6 7. Be3 Bxe3 8. fxe3 Qe7 9. Qd2 Nh5 10. 0-0-0 0-0 11. Nd5 Qd8 12. Rhg1 Nf6 13. Nc3 Na5 14. Bd5 c6 15. Bb3 Nxb3+ 16. cxb3 Be6 17. d4 exd4 18. exd4 Rc8 19. Qc2 d5 20. e5 Nd7 21. g4 f6 22. exf6 Qxf6 23. Rgf1 Qf4+ 24. Nd2 Qxd4 25. Rxf8+ Rxf8 26. Ne2 Qc5 27. Qxc5 Nxc5 28. Nd4 Rf2 29. Kb1 Bf7 30. Nf1 Bg6+ 31. Ka1 Kf7 32. h4 Bc2 33. Nxc2 Rxc2 34. Ne3 Rh2 35. g5 Rxh4 36. gxh6 Rxh6 37. Ng4 Rh4 38. Ne5+ Ke6 39. Re1 Re4 40. Rxe4 Nxe4 41. Nd3 g5 42. Kb1 g4 43. Kc1 g3 44. Kd1 g2 45. Nf4+ Kf5 46. Nxg2 Kg4 47. Ne3+ Kf4 48. Ng2+ Kg3 49. Ne3 Kf3 50. Nf1 d4 51. Kc2 Nf2 52. Nd2+ Ke2 53. Nc4 d3+ 54. Kc3 Nd1+ 55. Kb4 d2 56. Nxd2 Kxd2 57. Kc5 Ne3 58. Kd6 Nd5 59. Kd7 Kc2 60. Kc8 b5 61. Kb7 c5 62. Kxa7 Kxb2 63. Ka6 b4 64. Kb5 Kxa2 65. Kxc5 Kxb3 66. Kxd5 Kc3 67. Kc5 b3 68. Kd5 b2 69. Ke5 b1Q 70. Kd5 Qb4 71. Ke5 Kd3 72. Kd5 Qb5+ 73. Ke6 Ke4 74. Kd6 Qd5+ 75. Kc7 Qe6 76. Kb7 Kd5 0-1